| 000 | 00560nam a22001937a 4500 | ||
|---|---|---|---|
| 003 | OSt | ||
| 005 | 20260605152649.0 | ||
| 008 | 260605b |||||||| |||| 00| 0 eng d | ||
| 020 | _a9780205992102 | ||
| 040 | _cchuka university library | ||
| 050 | _aBF 637 .M37 2015 | ||
| 100 |
_a Martin Garry _927038 |
||
| 245 | _aBehavior Modification :What it is and How to do it | ||
| 250 | _a10th Ed. | ||
| 260 |
_aBoston columbus _bPearson _c2015 |
||
| 300 |
_aVarious paging _bcolored illustrations |
||
| 650 |
_aBehavior modification _927039 |
||
| 942 |
_2lcc _cBK _n0 |
||
| 999 |
_c23392 _d23392 |
||